000 00728nam a2200229Ia 4500
001 8817
003 GE_BSU
008 181216s||||||||xx |||||||||||||| ||und||
040 _cGE_BSU
080 _a821.353.1–1
100 _aკალანდაძე, ანა
245 _aერთტომეული
245 _bლექსები
245 _cრედ.ვ.ჯავახაძე;მხატვ.დ. დუნდუა
260 _aთბილისი
260 _bსაბჭოთა საქართველო
260 _c1987
300 _a415გვ.20სმ.ილ.1ფ.პორტრ.
653 _aერთტომეული
653 _aლექსები
942 _cBK
999 _c42125
_d42125